| 000 | 00475nam a2200133 a 4500 | ||
|---|---|---|---|
| 008 | 120416s1967 ||||||||||||||||| || u | ||
| 050 | _aQC 73 Har | ||
| 100 | _aHarrison, George Russell | ||
| 245 | 1 | 4 | _aThe first book of energy |
| 260 |
_aLondon _bGrolier Society _c1967 |
||
| 300 | _a(viii), 81p. : ill | ||
| 350 | _a0.00 | ||
| 995 |
_D0.00 _FCBU-MAIN LIBRARY (Kitwe) _H1 _I1.67 _UAVAILABLE _ZMain Library Open Access Collection |
||
| 999 |
_c43541 _d43541 |
||